00408nam a2200145 a 45000010005000000030009000050080041000140400028000550820016000831000017000992450064001162600035001803000010002156500037002255890CO-ViMGA141112s2004 ck r 000 u spa d aCO-ViMGAbspacCO-ViMGA04a923.2 M477p1 aPean, Pierre10aUna juventud francesa : bfrancois, mitterramd, 1934 - 1947 aBarcelona : bJuventud, c1996 a503 p14aMITTERRAND, FRANCOIS 1916 - 1996